000 00303nam a22001337a 4500
008 170821b xxu||||| |||| 00| 0 eng d
020 _a9780030469336
041 _aeng
080 _23 ED
_a51
100 _a37
101 _aMAT
245 _aCOLLEGE ALGEBRA TRIGPMETRY
_cKOLMAN.L
942 _2udc
_cBK
999 _c24384
_d24384